|
|
|
|
| LEADER |
00000nam0a2200000 4500 |
| 001 |
137786 |
| 005 |
20231101220712.0 |
| 010 |
|
|
|a 5250006051
|
| 020 |
|
|
|a RU
|b 89-24027
|
| 035 |
|
|
|a (RuTPU)RU\TPU\book\149316
|
| 090 |
|
|
|a 137786
|
| 100 |
|
|
|a 20080516d1989 m y0rusy5003 ca
|
| 101 |
0 |
|
|a rus
|
| 102 |
|
|
|a RU
|
| 105 |
|
|
|a a z 000ay
|
| 200 |
1 |
|
|a Зеленая брама
|e Документальная легенда об одном из первых сражений Великой Отечественной войны
|f Е. А. Долматовский
|g авт. послесл. И. Х. Баграмян
|
| 205 |
|
|
|a 3-е изд.
|
| 210 |
|
|
|a Москва
|c Политиздат
|d 1989
|
| 215 |
|
|
|a 319 с.
|d 21 см
|
| 333 |
|
|
|a Исключено из фонда НТБ ТПУ
|
| 700 |
|
1 |
|a Долматовский
|b Е. А.
|c русский поэт
|f 1915-1994
|g Евгений Аронович
|9 1621
|
| 702 |
|
1 |
|a Баграмян
|b И. Х.
|4 075
|
| 801 |
|
0 |
|a RU
|b RuMRKP
|c 19950417
|g psbo
|
| 801 |
|
1 |
|a RU
|b 63413507
|c 20080516
|g PSBO
|
| 801 |
|
2 |
|a RU
|b 63413507
|c 20210131
|g PSBO
|
| 942 |
|
|
|c BK
|